“The Girl Power of Christ Compels You!”: Female Exorcists Past and Present
Exorcism is a man’s job. Christian churches legislate on who can carry out an exorcism, and independent charismatic healers tend overwhelmingly to be men. Yet there are exceptions. Ancient Syriac hagiography includes accounts of female saints who can cast out and repel demons, and the early 2010s sa...
| Authors: | ; |
|---|---|
| Format: | Electronic Article |
| Language: | English |
| Check availability: | HBZ Gateway |
| Interlibrary Loan: | Interlibrary Loan for the Fachinformationsdienste (Specialized Information Services in Germany) |
| Published: |
2024
|
| In: |
Religion & theology
Year: 2024, Volume: 31, Issue: 3/4, Pages: 242-262 |
| Further subjects: | B
Syriac hagiography
B Women B Television B Gender B Exorcism |
| Online Access: |
Volltext (lizenzpflichtig) Volltext (lizenzpflichtig) |
MARC
| LEADER | 00000caa a22000002c 4500 | ||
|---|---|---|---|
| 001 | 1913082237 | ||
| 003 | DE-627 | ||
| 005 | 20250109091729.0 | ||
| 007 | cr uuu---uuuuu | ||
| 008 | 241220s2024 xx |||||o 00| ||eng c | ||
| 024 | 7 | |a 10.1163/15743012-bja10083 |2 doi | |
| 035 | |a (DE-627)1913082237 | ||
| 035 | |a (DE-599)KXP1913082237 | ||
| 040 | |a DE-627 |b ger |c DE-627 |e rda | ||
| 041 | |a eng | ||
| 084 | |a 0 |a 1 |2 ssgn | ||
| 100 | 1 | |e VerfasserIn |0 (DE-588)1071416030 |0 (DE-627)825828066 |0 (DE-576)433068590 |4 aut |a Bauer, Nicole |d 1980- | |
| 109 | |a Bauer, Nicole 1980- |a Bauer, Nicole Maria 1980- | ||
| 245 | 1 | 0 | |a “The Girl Power of Christ Compels You!”: Female Exorcists Past and Present |
| 264 | 1 | |c 2024 | |
| 336 | |a Text |b txt |2 rdacontent | ||
| 337 | |a Computermedien |b c |2 rdamedia | ||
| 338 | |a Online-Ressource |b cr |2 rdacarrier | ||
| 520 | |a Exorcism is a man’s job. Christian churches legislate on who can carry out an exorcism, and independent charismatic healers tend overwhelmingly to be men. Yet there are exceptions. Ancient Syriac hagiography includes accounts of female saints who can cast out and repel demons, and the early 2010s saw the rise of the so-called “teenage exorcists” in the USA, Brynne Larson and Tess and Savannah Scherkenback. In this article we examine the ancient stories of holy women casting out demons and the media reports and Brynne Larson’s book on the ministry she and her friends carried out. We find that while female exorcists challenge the boundaries of gender in religious identity, they nonetheless reflect a form of idealized femininity in a man’s world. | ||
| 650 | 4 | |a Television | |
| 650 | 4 | |a Syriac hagiography | |
| 650 | 4 | |a Women | |
| 650 | 4 | |a Gender | |
| 650 | 4 | |a Exorcism | |
| 700 | 1 | |e VerfasserIn |0 (DE-588)1031911308 |0 (DE-627)737534117 |0 (DE-576)379615037 |4 aut |a Doole, J. Andrew |d 1984- | |
| 773 | 0 | 8 | |i Enthalten in |t Religion & theology |d Leiden : Brill, 1994 |g 31(2024), 3/4, Seite 242-262 |h Online-Ressource |w (DE-627)341897981 |w (DE-600)2069539-1 |w (DE-576)26035175X |x 1574-3012 |7 nnas |
| 773 | 1 | 8 | |g volume:31 |g year:2024 |g number:3/4 |g pages:242-262 |
| 856 | 4 | 0 | |u https://doi.org/10.1163/15743012-bja10083 |x Resolving-System |z lizenzpflichtig |3 Volltext |7 1 |
| 856 | 4 | 0 | |u https://brill.com/view/journals/rt/31/3-4/article-p242_5.xml |x Verlag |z lizenzpflichtig |3 Volltext |7 1 |
| 935 | |a mteo | ||
| 951 | |a AR | ||
| ELC | |a 1 | ||
| ITA | |a 1 |t 1 | ||
| LOK | |0 000 xxxxxcx a22 zn 4500 | ||
| LOK | |0 001 4638913709 | ||
| LOK | |0 003 DE-627 | ||
| LOK | |0 004 1913082237 | ||
| LOK | |0 005 20241220055507 | ||
| LOK | |0 008 241220||||||||||||||||ger||||||| | ||
| LOK | |0 035 |a (DE-Tue135)IxTheo#2024-12-19#722C45AE7CF1B8AADBC93A97EC5177C1BD75BB2E | ||
| LOK | |0 040 |a DE-Tue135 |c DE-627 |d DE-Tue135 | ||
| LOK | |0 092 |o n | ||
| LOK | |0 852 |a DE-Tue135 | ||
| LOK | |0 852 1 |9 00 | ||
| LOK | |0 935 |a ixzs |a zota | ||
| LOK | |0 939 |a 20-12-24 |b l01 | ||
| OAS | |a 1 | ||
| ORI | |a SA-MARC-ixtheoa001.raw | ||
| REL | |a 1 | ||
| STA | 0 | 0 | |a Gender |
| SUB | |a REL | ||
| SYE | 0 | 0 | |a Soziales Geschlecht,Geschlecht,Geschlecht |



